<?xml version="1.0" encoding="UTF-8"?>
<record
    xmlns:xsi="http://www.w3.org/2001/XMLSchema-instance"
    xsi:schemaLocation="http://www.loc.gov/MARC21/slim http://www.loc.gov/standards/marcxml/schema/MARC21slim.xsd"
    xmlns="http://www.loc.gov/MARC21/slim">

  <leader>02031nam a2200277 i 4500</leader>
  <controlfield tag="003">DO-SdBNP</controlfield>
  <controlfield tag="005">20250728100038.0</controlfield>
  <controlfield tag="007">ta</controlfield>
  <controlfield tag="008">250717b2024    dr ao||| |||| 00| 0 spa d</controlfield>
  <datafield tag="020" ind1=" " ind2=" ">
    <subfield code="a">9789945800685</subfield>
  </datafield>
  <datafield tag="040" ind1=" " ind2=" ">
    <subfield code="a">DO-SdBNP</subfield>
    <subfield code="b">spa</subfield>
    <subfield code="c">BNPHU </subfield>
    <subfield code="e">rda</subfield>
  </datafield>
  <datafield tag="041" ind1=" " ind2=" ">
    <subfield code="a">spa</subfield>
  </datafield>
  <datafield tag="082" ind1=" " ind2="4">
    <subfield code="a">xxx</subfield>
    <subfield code="b">T693a</subfield>
    <subfield code="2">22</subfield>
  </datafield>
  <datafield tag="100" ind1="1" ind2=" ">
    <subfield code="a">Torres Ulloa, Alfonso </subfield>
    <subfield code="e">autor</subfield>
    <subfield code="4">aut.</subfield>
    <subfield code="9">58620</subfield>
  </datafield>
  <datafield tag="245" ind1="1" ind2="0">
    <subfield code="a">Apuntes hist&#xF3;ricos sobre Dajab&#xF3;n /</subfield>
    <subfield code="c">Alfonso Torres Ulloa ; portada y dise&#xF1;o editorial por Jaime Mel&#xE9;ndez Publicidad.</subfield>
  </datafield>
  <datafield tag="250" ind1=" " ind2=" ">
    <subfield code="a">Primera edici&#xF3;n </subfield>
  </datafield>
  <datafield tag="264" ind1=" " ind2="4">
    <subfield code="a">Santo Domingo, Rep&#xFA;blica Dominicana : </subfield>
    <subfield code="b">Casa de Arte Dajab&#xF3;n, </subfield>
    <subfield code="b">Jaime Mel&#xE9;ndez Publicidad,</subfield>
    <subfield code="c">&#xA9;2024.</subfield>
  </datafield>
  <datafield tag="300" ind1=" " ind2=" ">
    <subfield code="a">162 p&#xE1;ginas :</subfield>
    <subfield code="b">ilustraciones, fotograf&#xED;as ;</subfield>
    <subfield code="c">23 cm. </subfield>
  </datafield>
  <datafield tag="336" ind1=" " ind2=" ">
    <subfield code="a">texto</subfield>
    <subfield code="b">txt</subfield>
    <subfield code="2">rdacontent</subfield>
  </datafield>
  <datafield tag="337" ind1=" " ind2=" ">
    <subfield code="a">sin mediaci&#xF3;n</subfield>
    <subfield code="b">n</subfield>
    <subfield code="2">rdamedia </subfield>
  </datafield>
  <datafield tag="338" ind1=" " ind2=" ">
    <subfield code="a">volumen  </subfield>
    <subfield code="b">nc</subfield>
    <subfield code="2">rdacarrier</subfield>
  </datafield>
  <datafield tag="505" ind1=" " ind2=" ">
    <subfield code="a">Introducci&#xF3;n 9 -- Cap&#xED;tulo I. Antecedentes y R&#xED;o Dajab&#xF3;n 13 -- 1.1. Antecedentes 13 -- 1.2. El nombre de Dajab&#xF3;n 17 -- 1.3. R&#xED;o Dajab&#xF3;n 19 -- Cap&#xED;tulo II. Fundaci&#xF3;n e historia 25 -- 2.1. Fundaci&#xF3;n de Dajab&#xF3;n 25 -- 2.2. Historia y desarrollo de Dajab&#xF3;n 77 -- Cap&#xED;tulo III. Educaci&#xF3;n y desarrollo Dajab&#xF3;n 83 -- 3.1. Tradici&#xF3;n de progreso y desarrollo de los dajaboneros 83 -- 3.2. La educaci&#xF3;n en Dajab&#xF3;n 87 -- 3.3. Papel misiones religiosas en la educaci&#xF3;n 95 -- 3.3.1. Colegio La Altagracia, 1943 97 -- 3.3.2.Fundaci&#xF3;n Colegio San Ignacio Loyola 101 -- 3.3.3. Colegio Evang&#xE9;lico Sim&#xF3;n Bol&#xED;var 107 -- 3.3.4. Escuela Jos&#xE9; Ram&#xF3;n L&#xF3;pez 108 -- 3.3.5. La C&#xE1;mara de Comercio 110 -- 3.3.6. Liceo Manuel Arturo Machado 111 -- 3.3.7. Academia de m&#xFA;sica 112--Cap&#xED;tulo IV. Provincia Dajab&#xF3;n -- 4.1. Fundaci&#xF3;n Barrio Mejoramiento Social 121 -- 4.2. Baden o polic&#xED;a acostado 123 -- 4.3. Luz permanente para Dajab&#xF3;n 124 -- 4.4. Presa de Don Miguel 125 -- 4.5. Desag&#xFC;e de la ciudad, tres canales 128 -- 4.6. Historia del altar votivo de la Rep&#xFA;blica 133 -- 4.4. Anexos</subfield>
  </datafield>
  <datafield tag="590" ind1=" " ind2=" ">
    <subfield code="a">Inventariado, 2025 /LP</subfield>
  </datafield>
  <datafield tag="910" ind1=" " ind2=" ">
    <subfield code="a">LP</subfield>
  </datafield>
  <datafield tag="942" ind1=" " ind2=" ">
    <subfield code="2">ddc</subfield>
    <subfield code="c">LBS1</subfield>
  </datafield>
  <datafield tag="952" ind1=" " ind2=" ">
    <subfield code="0">0</subfield>
    <subfield code="1">0</subfield>
    <subfield code="2">ddc</subfield>
    <subfield code="5">1</subfield>
    <subfield code="7">0</subfield>
    <subfield code="8">PD</subfield>
    <subfield code="a">BNPHU</subfield>
    <subfield code="b">BNPHU</subfield>
    <subfield code="c">HD</subfield>
    <subfield code="d">2025-03-21</subfield>
    <subfield code="e">Dep&#xF3;sito Legal</subfield>
    <subfield code="l">0</subfield>
    <subfield code="o">xxx T693a</subfield>
    <subfield code="p">2025-3246</subfield>
    <subfield code="r">2025-04-10</subfield>
    <subfield code="w">2025-04-10</subfield>
    <subfield code="y">LBS1</subfield>
  </datafield>
  <datafield tag="952" ind1=" " ind2=" ">
    <subfield code="0">0</subfield>
    <subfield code="1">0</subfield>
    <subfield code="2">ddc</subfield>
    <subfield code="5">1</subfield>
    <subfield code="7">0</subfield>
    <subfield code="8">PD</subfield>
    <subfield code="a">BNPHU</subfield>
    <subfield code="b">BNPHU</subfield>
    <subfield code="c">HD</subfield>
    <subfield code="d">2025-04-04</subfield>
    <subfield code="e">Dep&#xF3;sito Legal</subfield>
    <subfield code="l">0</subfield>
    <subfield code="o">xxx T693a</subfield>
    <subfield code="p">2025-7453</subfield>
    <subfield code="r">2025-07-28</subfield>
    <subfield code="t">e.2</subfield>
    <subfield code="w">2025-07-28</subfield>
    <subfield code="y">LBS1</subfield>
  </datafield>
  <datafield tag="999" ind1=" " ind2=" ">
    <subfield code="c">58703</subfield>
    <subfield code="d">58703</subfield>
  </datafield>
</record>
